Cavernas de Colombia (Registro nro. 8543)

Detalles MARC
000 -CABECERA
Campo de control 00816nam a22002417a 4500
005 - FECHA Y HORA DE LA ULTIMA TRANSACCION
Campo de control 20140710154116.0
008 - ELEMENTOS DE LONGITUD FIJA—INFORMACION GENERAL
Campo de control 131118b1977 ck ||||| |||| 00| 0 fre d
041 ## - IDIOMA
Código de idioma para texto/pista de sonido o título separado Francés
044 ## - PAÍS DE PUBLICACIÓN
País de publicación Colombia
082 ## - NUMERO DE CLASIFICACION DECIMAL DEWEY
Número de clasificación 577.584
Número del ítem A18c
100 1# - ASIENTO PRINCIPAL--NOMBRE PERSONAL
Nombre personal Acosta, Carlos
245 10 - MENCION DE TITULO
Título Cavernas de Colombia
260 ## - PUBLICACION, DISTRIBUCION, ETC. (PIE DE IMPRENTA)
Lugar de publicación, distribución, etc. [s.l.]
Nombre del editor, distribuidor, etc. Acosta, Carlos?
Fecha de publicación, distribución, etc. 1977?
300 ## - DESCRIPCION FISICA
Extensión 115 p.
Otros detalles físicos dibujos, mapas (manuscritos)
Dimensiones 21 cm.
500 ## - NOTA GENERAL
Nota general Documento original
505 ## - NOTA DE CONTENIDO
Nota de contenido 1ére partie Le pays -- 2 éme partie La geologie -- 3 éme patie La speleologie -- 4 éme partie Inventaire speleologique
546 ## - NOTA DE IDIOMA
Nota de idioma escrito en francés
590 ## - NOTA LOCAL
Nota local Donado por Brigitte Baptiste
650 17 - ASIENTO SECUNDARIO DE MATERIA - TERMINO TEMATICO
Término temático o nombre geográfico como elemento de entrada Ecología de cuevas
Subdivisión geográfica Colombia
700 1# - ASIENTO SECUNDARIO - NOMBRE PERSONAL
Nombre personal Cabrera-Ortíz, Wenceslao
700 1# - ASIENTO SECUNDARIO - NOMBRE PERSONAL
Nombre personal Tihay, Jean-Pierre
942 ## - ELEMENTOS ADICIONALES (KOHA)
Sistema de clasificación Dewey Decimal Classification
Tipo de ítem Impreso
Existencias
Withdrawn status Lost status Sistema de Clasificación Damaged status No para préstamo Colección Ubicación Permanente Ubicación actual Fecha de adquisición Total Checkouts Número topográfico Inventario / Código de Barras Date last seen Ejemplar Price effective from Tipo de material
    Dewey Decimal Classification     General Bogotá Bogotá 10/07/2014   LB-577.584 A18c 034303 10/07/2014 Ej. 1 10/07/2014 Libro